| 000 | 01288cam a2200193Ii 4500 | ||
|---|---|---|---|
| 020 | _a9780891183662 | ||
| 020 | _a0891183663 | ||
| 040 | _cYDX | ||
| 082 | 0 | 4 | _a631 ASA 2018 A042 Or. |
| 245 | 0 | 0 | _aPrecision agriculture basics / |
| 300 |
_avi, 266 pages : _billustrations (some color), maps ; _c28 cm |
||
| 520 | _aWith the growing popularity and availability of precision equipment, farmers and producers have access to more data than ever before. With proper implementation, precision agriculture management can improve profitability and sustainability of production. Precision Agriculture Basics is geared at students, crop consultants, farmers, extension workers, and practitioners that are interested in practical applications of site-specific agricultural management. Using a multidisciplinary approach, readers are taught to make data-driven on-farm decisions using the most current knowledge and tools in crop science, agricultural engineering, and geostatistics. Precision Agriculture Basics also features a stunning video glossary including interviews with agronomists on the job and in the field | ||
| 650 | 0 | _aPrecision farming. | |
| 650 | 0 | _aGeospatial data. | |
| 700 | 1 | _aShannon, D. Kent, | |
| 700 | 1 | _aClay, David | |
| 700 | 1 | _aKitchen, Newell R., | |
| 942 | _cAEDBB | ||
| 999 |
_c20817 _d20817 |
||